| 000 | 00798cam a2200277 4500 | ||
|---|---|---|---|
| 008 | 090401t1994 xxu||||| |||| 00| 0 eng d | ||
| 020 | _a0851218695 | ||
| 035 | _a(Sirsi) u1847 | ||
| 041 | _aeng | ||
| 050 | _a346.4104343 | ||
| 100 | _aHugill, Chris | ||
| 245 | _aBusiness tenancies. | ||
| 250 | _a2nd ed. | ||
| 260 |
_aLondon _bLongman _c1994 |
||
| 300 | _av,93p. ; 22cm. | ||
| 350 | _a14.95 | ||
| 490 | _aLongman Practice Notes | ||
| 520 | _aA concise guide providing basic information on the grant, renewal, assignment and surrender of business leases. | ||
| 650 | _aBUSINESS TENANCIES | ||
| 650 | _aCOMMERCIAL LEASES | ||
| 650 | _aPROPERTY-COMMERCIAL PROPERTY | ||
| 650 | _aLEASES | ||
| 690 | _aLANDLORD AND TENANT-BUSINESS TENANCIES | ||
| 942 | _n0 | ||
| 948 | _c04/03/1997 | ||
| 999 |
_c85706 _d85706 |
||